Вредители и болезни сельскохозяйственных культур и борьба с ними (Запись № 7014322)

Подробности
000 -МАРКЕР
контрольное поле 01264nam0a22003011 4500
001 - ИДЕНТИФИКАТОР ЗАПИСИ
контрольное поле rc\2750798
005 - ИДЕНТИФИКАТОР ВЕРСИИ
контрольное поле 20250612185949.0
035 ## - ДРУГИЕ СИСТЕМНЫЕ НОМЕРА
Идентификатор записи (NLR Aleph) 006877703
100 ## - ДАННЫЕ ОБЩЕЙ ОБРАБОТКИ
Данные общей обработки 20110915d1939 u y0rusy50 ca
101 0# - ЯЗЫК РЕСУРСА
Язык текста, звукозаписи и т.д. русский
102 ## - СТРАНА ПУБЛИКАЦИИ ИЛИ ПРОИЗВОДСТВА
Страна публикации Российская Федерация
105 ## - ПОЛЕ КОДИРОВАННЫХ ДАННЫХ: ТЕКСТОВЫЕ МАТЕРИАЛЫ, МОНОГРАФИЧЕСКИЕ
Кодированные данные о монографическом текстовом документе a z |||||
200 1# - ЗАГЛАВИЕ И СВЕДЕНИЯ ОБ ОТВЕТСТВЕННОСТИ
Основное заглавие Вредители и болезни сельскохозяйственных культур и борьба с ними
Первые сведения об ответственности Я. Х. Вебер, П. В. Ерофеев, П. М. Орлов, С. Д. Царевский
Последующие сведения об ответственности Под ред П. В. Ерофеева
210 ## - ПУБЛИКАЦИЯ, РАСПРОСТРАНЕНИЕ И ДР.
Место издания, распространения и т.д. Куйбышев
Имя издателя, распространителя и т. д. Куйб. обл. изд-во
Дата издания, распространения и т.д. 1939
215 ## - ФИЗИЧЕСКАЯ ХАРАКТЕРИСТИКА
Специфическое обозначение материала и объем 172 с.
Другие сведения о физической характеристике ил.
Размеры 21 см.
702 #1 - ИМЯ ЛИЦА - ВТОРИЧНАЯ ОТВЕТСТВЕННОСТЬ
Начальный элемент ввода Орлов
Часть имени, кроме начального элемента ввода П.М.
Код отношения Прочие
702 #1 - ИМЯ ЛИЦА - ВТОРИЧНАЯ ОТВЕТСТВЕННОСТЬ
Начальный элемент ввода Царевский
Часть имени, кроме начального элемента ввода С.Д.
Код отношения Прочие
702 #1 - ИМЯ ЛИЦА - ВТОРИЧНАЯ ОТВЕТСТВЕННОСТЬ
Начальный элемент ввода Ерофеев
Часть имени, кроме начального элемента ввода П.В.
Расширение инициалов личного имени Петр Васильевич
Код отношения Прочие
702 #1 - ИМЯ ЛИЦА - ВТОРИЧНАЯ ОТВЕТСТВЕННОСТЬ
Начальный элемент ввода Вебер
Часть имени, кроме начального элемента ввода Я.Х.
Расширение инициалов личного имени Яков Христианович
Код отношения Прочие
801 #0 - ИСТОЧНИК ЗАПИСИ
Страна Российская Федерация
Организация NLR
Правила каталогизации psbo
801 #1 - ИСТОЧНИК ЗАПИСИ
Страна Российская Федерация
Организация ELAR
Источник данных rusmarc
852 ## - МЕСТОНАХОЖДЕНИЕ И ШИФР ХРАНЕНИЯ
Идентификатор организации NLR
Шифр хранения (Call Number) 39-3/766
856 4# - МЕСТОНАХОЖДЕНИЕ ЭЛЕКТРОННЫХ РЕСУРОВ И ДОСТУП К НИМ
Эмуляция терминала (Terminal emulation) VIEW
Универсальный идентификатор ресурса (Uniform Resource Identifier) https://webservices.nlr.ru/viewer/file?name=p006877703_002.jpg
Непубликуемое примечание (Nonpublic note) 001
Тип доступа (Access method) Страница
856 41 - МЕСТОНАХОЖДЕНИЕ ЭЛЕКТРОННЫХ РЕСУРОВ И ДОСТУП К НИМ
Эмуляция терминала (Terminal emulation) VIEW
Универсальный идентификатор ресурса (Uniform Resource Identifier) https://webservices.nlr.ru/viewer/file?name=t006877703_001.jpg
Тип доступа (Access method) Обложка
942 ## - ДОПОЛНИТЕЛЬНЫЕ ЭЛЕМЕНТЫ ЗАПИСИ (АБИС)
Тип экземпляра АБИС Книга
-- Книга
980 ## - КОЛЛЕКЦИЯ
Название коллекции Национальная библиография
Экземпляры
Тип экземпляра Дата поступления Библиотека постоянного хранения Библиотека текущего хранения Место хранения Шифр хранения Штрих-код Статус экземпляра
Книга 26.10.2013 РНБ (Садовая) РНБ (Садовая) Русский книжный фонд -Главное здание, Ленинский читальный зал 39-3/766 6877703-10